[Event "FRA-chT U20 16 GP Haute 1213"]
[Site "France"]
[Date "2013.05.19"]
[Round "10"]
[White "Amghar, Ismael"]
[Black "Flick, Antoine"]
[Result "1-0"]
[WhiteElo "1776"]
[BlackElo "1902"]
[PlyCount "63"]
[EventDate "2012.12.01"]
[EventType "team"]
[EventRounds "11"]
[EventCountry "FRA"]
[SourceTitle "EXT 2014"]
[Source "ChessBase"]
[SourceDate "2013.11.20"]
[SourceVersion "1"]
[SourceVersionDate "2013.11.20"]
[SourceQuality "1"]
[WhiteTeam "Creteil (U20)"]
[BlackTeam "Mulhouse (U20)"]
[WhiteTeamCountry "FRA"]
[BlackTeamCountry "FRA"]

1. e4 e6 2. d4 d5 3. Nd2 Nf6 4. e5 Nfd7 5. f4 c5 6. Ndf3 Nc6 7. c3 Qb6 8. a3 cxd4 9. cxd4 Na5 10. Ne2 Nb3 11. Ra2 Nxc1 12. Nxc1 Be7 13. Bd3 f6 14. Ne2 0-0 15. Nc3 Kh8 16. Bc2 f5 17. h4 Qd8 18. Ng5 Qe8 19. Nxe6 Nxe5 20. Nxf8 Ng4 21. Qe2 Qxf8 22. g3 Bf6 23. Nxd5 Be6 24. Nxf6 Qxf6 25. b3 Qxd4 26. Qxe6 Qf2+ 27. Kd1 Qf3+ 28. Kd2 Rd8+ 29. Kc1 Qxh1+ 30. Kb2 Qh2 31. Qxf5 Ne3 32. Qxh7# 1-0

[Event "FRA-chT U20 16 GP Haute 1213"]
[Site "France"]
[Date "2013.05.19"]
[Round "9"]
[White "Coiffait, Pierre Basile"]
[Black "Amghar, Ismael"]
[Result "1/2-1/2"]
[WhiteElo "1797"]
[BlackElo "1776"]
[PlyCount "112"]
[EventDate "2012.12.01"]
[EventType "team"]
[EventRounds "11"]
[EventCountry "FRA"]
[SourceTitle "EXT 2014"]
[Source "ChessBase"]
[SourceDate "2013.11.20"]
[SourceVersion "1"]
[SourceVersionDate "2013.11.20"]
[SourceQuality "1"]
[WhiteTeam "Cannes (U20)"]
[BlackTeam "Creteil (U20)"]
[WhiteTeamCountry "FRA"]
[BlackTeamCountry "FRA"]

1. e4 Nf6 2. e5 Nd5 3. d4 d6 4. Nf3 dxe5 5. Nxe5 g6 6. Bc4 Be6 7. c3 Bg7 8. Qb3 b6 9. Bb5+ Kf8 10. c4 Nf6 11. 0-0 a6 12. Qf3 Nbd7 13. Bc6 Rb8 14. Rd1 Qc8 15. Nxd7+ Bxd7 16. Bxd7 Nxd7 17. Bf4 e5 18. dxe5 Nxe5 19. Qa3+ Kg8 20. Nd2 h5 21. Qg3 Qf5 22. Re1 h4 23. Qg5 Qxg5 24. Bxg5 Rh5 25. Bf4 Rf5 26. Bxe5 Bxe5 27. Rab1 Rd8 28. Nf3 Bf6 29. h3 Rc5 30. b3 Rc6 31. Re4 Rcd6 32. Rbe1 Rd1 33. Kf1 Kf8 34. Re8+ Rxe8 35. Rxd1 Ke7 36. Nd4 Kd7 37. Nc2+ Kc8 38. Nb4 Kb7 39. Nd5 Rd8 40. Ke2 Be5 41. f4 Bd6 42. Kf3 f5 43. Re1 c6 44. Ne3 Bb4 45. Rd1 Rxd1 46. Nxd1 Kc7 47. Nb2 Kd6 48. Nd3 Bc3 49. Ke3 b5 50. Ke2 a5 51. a4 bxa4 52. bxa4 Bd4 53. Kf3 Bf6 54. Ke3 Bc3 55. Kf3 Bf6 56. Ke3 Bc3 1/2-1/2

[Event "FRA-chT U20 GpB 1213"]
[Site "France"]
[Date "2013.01.04"]
[Round "4"]
[White "Amghar, Ismael"]
[Black "Roque, Gaetan"]
[Result "0-1"]
[WhiteElo "1776"]
[BlackElo "1865"]
[PlyCount "84"]
[EventDate "2012.12.01"]
[EventType "team"]
[EventRounds "7"]
[EventCountry "FRA"]
[SourceTitle "EXT 2014"]
[Source "ChessBase"]
[SourceDate "2013.11.20"]
[SourceVersion "1"]
[SourceVersionDate "2013.11.20"]
[SourceQuality "1"]
[WhiteTeam "Creteil (U20)"]
[BlackTeam "Saint Mande U20"]
[WhiteTeamCountry "FRA"]
[BlackTeamCountry "FRA"]

1. e4 d6 2. Nc3 Nf6 3. f4 Bg4 4. Nf3 c6 5. Bc4 e6 6. h3 Bxf3 7. Qxf3 d5 8. exd5 cxd5 9. Bb5+ Nc6 10. b3 a6 11. Bd3 Bc5 12. Bb2 Nb4 13. Ne2 Nxd3+ 14. Qxd3 Ne4 15. Qf3 Bf2+ 16. Kd1 Ba7 17. Rf1 0-0 18. Ng3 Nxg3 19. Qxg3 f6 20. Re1 Qd6 21. d4 Rac8 22. Kd2 Rc6 23. Re2 Rfc8 24. c3 Bxd4 25. Rae1 Bb6 26. Rxe6 Qxe6 27. Rxe6 Rxe6 28. f5 Re5 29. Qf3 Rc7 30. Ba3 Be3+ 31. Kd3 Bg5 32. Qf1 Re3+ 33. Kd4 Rcxc3 34. Kxd5 Red3+ 35. Ke4 Re3+ 36. Kd4 Bh4 37. Qf4 Red3+ 38. Ke4 Bg3 39. Qf1 Re3+ 40. Kd4 Be5+ 41. Kd5 Red3+ 42. Ke4 Rd4# 0-1

[Event "FRA-ch U12"]
[Site "Montlucon"]
[Date "2011.04.23"]
[Round "8"]
[White "Chesterkine, Vassili"]
[Black "Amghar, Ismael"]
[Result "1/2-1/2"]
[WhiteElo "1603"]
[BlackElo "1630"]
[PlyCount "99"]
[EventDate "2011.04.17"]
[EventType "swiss"]
[EventRounds "9"]
[EventCountry "FRA"]
[SourceTitle "CBM 142 Extra"]
[Source "ChessBase"]
[SourceDate "2011.06.27"]
[SourceVersion "1"]
[SourceVersionDate "2011.06.27"]
[SourceQuality "1"]

1. e4 e5 2. Nf3 Nc6 3. d4 exd4 4. Nxd4 Qf6 5. c3 Bc5 6. Be3 Nge7 7. Qd2 d5 8. Nb5 Bxe3 9. Qxe3 0-0 10. Nd2 Bg4 11. f3 Bh5 12. Bd3 dxe4 13. Nxe4 Qe5 14. Qe2 a6 15. Na3 Rfd8 16. Nc4 Qf4 17. 0-0 Rd5 18. Rad1 Rad8 19. Ne3 Re5 20. g3 Qh6 21. g4 Bg6 22. f4 Rxe4 23. Bxe4 Rxd1 24. Rxd1 Bxe4 25. Nf5 Nxf5 26. Qxe4 Nd6 27. Qf3 Qe6 28. b3 Qe4 29. Qf2 h6 30. h3 Qg6 31. Kh2 Qf6 32. Qf3 g5 33. f5 Qe5+ 34. Kg2 Qa5 35. Rd2 Qa3 36. Rc2 Qc5 37. Re2 a5 38. Qg3 Qb5 39. c4 Qc5 40. Re3 a4 41. Re2 axb3 42. axb3 Na5 43. Re3 Qd4 44. Re2 Qd1 45. Re3 Qc2+ 46. Kg1 Ne4 47. Qf3 Nd6 48. Qg3 Qd1+ 49. Kg2 Qc2+ 50. Kg1 1/2-1/2

[Event "FRA-chTA U20 1011"]
[Site "France"]
[Date "2010.12.19"]
[Round "4.4"]
[White "Amghar, Ismael"]
[Black "Dombre, Antoine"]
[Result "1/2-1/2"]
[WhiteElo "1600"]
[BlackElo "1625"]
[PlyCount "75"]
[EventDate "2010.11.21"]
[EventType "team-tourn"]
[EventRounds "7"]
[EventCountry "FRA"]
[SourceTitle "EXT 2012"]
[Source "ChessBase"]
[SourceDate "2011.11.24"]
[SourceVersion "1"]
[SourceVersionDate "2011.11.24"]
[SourceQuality "1"]
[WhiteTeam "Creteil"]
[BlackTeam "Grenoble"]
[WhiteTeamCountry "FRA"]
[BlackTeamCountry "FRA"]

1. e4 c5 2. Nf3 g6 3. h4 Nf6 4. Nc3 d6 5. d4 cxd4 6. Qxd4 Nc6 7. Bb5 Bd7 8. Bxc6 bxc6 9. Bg5 Bg7 10. 0-0-0 Qb6 11. Qxb6 axb6 12. Bxf6 Bxf6 13. Nd4 c5 14. Nde2 b5 15. a3 Bc6 16. f3 b4 17. Nb1 Bb5 18. Rhe1 0-0 19. c3 bxa3 20. Nxa3 Bxe2 21. Rxe2 Bxc3 22. bxc3 Rxa3 23. Kd2 Rb8 24. Rc1 Rb2+ 25. Kd3 Raa2 26. Rcc2 Rxc2 27. Rxc2 Rxc2 28. Kxc2 Kg7 29. g4 Kf6 30. f4 Ke6 31. c4 f5 32. exf5+ gxf5 33. g5 Kf7 34. h5 e5 35. fxe5 dxe5 36. Kd3 Ke6 37. Ke3 Kf7 38. Kf3 1/2-1/2

[Event "FRA-chTA U20 1011"]
[Site "France"]
[Date "2010.12.19"]
[Round "6.6"]
[White "Amghar, Ismael"]
[Black "Willems, Niels"]
[Result "1-0"]
[WhiteElo "1600"]
[BlackElo "1670"]
[PlyCount "133"]
[EventDate "2010.11.21"]
[EventType "team-tourn"]
[EventRounds "7"]
[EventCountry "FRA"]
[SourceTitle "EXT 2012"]
[Source "ChessBase"]
[SourceDate "2011.11.24"]
[SourceVersion "1"]
[SourceVersionDate "2011.11.24"]
[SourceQuality "1"]
[WhiteTeam "Creteil"]
[BlackTeam "Montpellier"]
[WhiteTeamCountry "FRA"]
[BlackTeamCountry "FRA"]

1. e4 c6 2. d4 d5 3. Nc3 dxe4 4. Nxe4 Bf5 5. Nc3 Nf6 6. Nf3 e6 7. Bf4 Bb4 8. Bd3 Bg6 9. 0-0 Nbd7 10. Re1 Nd5 11. Nxd5 cxd5 12. c3 Ba5 13. Ne5 Bc7 14. Re3 Nxe5 15. Bxe5 Bxe5 16. Rxe5 Qd6 17. Qa4+ Ke7 18. Bxg6 hxg6 19. Rae1 a6 20. Qb3 Rab8 21. Rxd5 Qxh2+ 22. Kf1 Qh1+ 23. Ke2 Qxg2 24. Kd1 Qf3+ 25. Kc1 Rh1 26. Rde5 Qf4+ 27. Kc2 Qxf2+ 28. Kd1 Rxe1+ 29. Rxe1 Qf3+ 30. Kd2 Rh8 31. d5 Rh2+ 32. Kc1 Qf4+ 33. Kb1 Rh1 34. d6+ Kf6 35. Rd1 Qe4+ 36. Kc1 Qc6 37. d7 Qxd7 38. Rxh1 Qc6 39. Rf1+ Ke7 40. Qd1 f5 41. Rg1 Kf7 42. Qd3 Qc7 43. Qe3 Qe7 44. Qf2 g5 45. Qh2 Kg6 46. Rh1 f4 47. Qh7+ Kf6 48. Rg1 Qc5 49. Qh2 Qe3+ 50. Kb1 Qe4+ 51. Ka1 e5 52. Qh5 Qg6 53. Qh2 Qh6 54. Qf2 Kf5 55. Re1 g4 56. Qg2 Qc6 57. Qc2+ e4 58. Qe2 e3 59. Qd3+ Kg5 60. Qd8+ Kg6 61. Qd3+ Kh6 62. Qd4 Qf6 63. Rh1+ Kg5 64. Qd5+ Qf5 65. Rh5+ Kxh5 66. Qxf5+ g5 67. Qh7# 1-0

[Event "FRA-chTA U20 1011"]
[Site "France"]
[Date "2010.12.19"]
[Round "7.6"]
[White "Raynaud, Jean Philippe"]
[Black "Amghar, Ismael"]
[Result "0-1"]
[WhiteElo "1620"]
[BlackElo "1600"]
[PlyCount "121"]
[EventDate "2010.11.21"]
[EventType "team-tourn"]
[EventRounds "7"]
[EventCountry "FRA"]
[SourceTitle "EXT 2012"]
[Source "ChessBase"]
[SourceDate "2011.11.24"]
[SourceVersion "1"]
[SourceVersionDate "2011.11.24"]
[SourceQuality "1"]
[WhiteTeam "Cannes"]
[BlackTeam "Creteil"]
[WhiteTeamCountry "FRA"]
[BlackTeamCountry "FRA"]

1. d4 Nf6 2. Bg5 g6 3. Bxf6 exf6 4. e3 Bg7 5. g3 0-0 6. Bg2 d5 7. Ne2 Be6 8. 0-0 Re8 9. Nd2 Qe7 10. c4 c6 11. cxd5 Bxd5 12. Bxd5 cxd5 13. Qb3 Qd7 14. Rac1 Nc6 15. Rc5 Red8 16. Nf4 Ne7 17. Rfc1 Rac8 18. Nxd5 Rxc5 19. Nxe7+ Qxe7 20. Rxc5 Bf8 21. Nc4 Qd7 22. Rb5 b6 23. a4 Qe6 24. a5 Rc8 25. d5 Qe4 26. Nd2 Rc1+ 27. Nf1 Qb1 28. axb6 Rxf1+ 29. Kg2 Rg1+ 30. Kf3 axb6 31. Rxb6 Qd1+ 32. Qxd1 Rxd1 33. e4 Rd2 34. Rb5 Rc2 35. Rb8 Kg7 36. b4 Rc7 37. b5 Bd6 38. Rb6 Be5 39. Rc6 Rb7 40. d6 Rd7 41. b6 Rxd6 42. Rxd6 Bxd6 43. Ke2 Kf8 44. Kd3 Ke7 45. Kc4 Ke6 46. Kd4 f5 47. f3 fxe4 48. Kxe4 f5+ 49. Kd4 Bb8 50. f4 Kd6 51. Kc4 Kc6 52. Kd4 Bd6 53. Kc4 Kxb6 54. Kd5 Bc5 55. Ke6 Bg1 56. Kf7 Bxh2 57. Kg7 Bxg3 58. Kxh7 g5 59. fxg5 Be5 60. Kg6 f4 61. Kf5 0-1

[Event "FRA-chTA U20 1011"]
[Site "France"]
[Date "2010.11.21"]
[Round "2.6"]
[White "Roque, Gaetan"]
[Black "Amghar, Ismael"]
[Result "1-0"]
[WhiteElo "1561"]
[BlackElo "1600"]
[PlyCount "77"]
[EventDate "2010.11.21"]
[EventType "team-tourn"]
[EventRounds "7"]
[EventCountry "FRA"]
[SourceTitle "EXT 2012"]
[Source "ChessBase"]
[SourceDate "2011.11.24"]
[SourceVersion "1"]
[SourceVersionDate "2011.11.24"]
[SourceQuality "1"]
[WhiteTeam "Saint Mande"]
[BlackTeam "Creteil"]
[WhiteTeamCountry "FRA"]
[BlackTeamCountry "FRA"]

1. d4 Nf6 2. c4 g6 3. Nc3 Bg7 4. e4 d6 5. Nf3 0-0 6. Be2 e5 7. dxe5 dxe5 8. Qxd8 Rxd8 9. Bg5 Nc6 10. Nd5 Rd6 11. c5 Rxd5 12. exd5 Nxd5 13. 0-0-0 Ndb4 14. a3 Na6 15. b4 Nd4 16. Nxd4 exd4 17. Bc4 Bf5 18. Rhe1 Kf8 19. Re7 Be6 20. Bxe6 fxe6 21. Rxe6 Re8 22. Rxe8+ Kxe8 23. Re1+ Kf8 24. b5 Nb8 25. Re7 a6 26. Rxc7 axb5 27. Rc8+ Kf7 28. Rxb8 h6 29. Rxb7+ Kg8 30. Bh4 g5 31. Bg3 Bf6 32. c6 d3 33. c7 d2+ 34. Kxd2 Kg7 35. c8Q+ Kg6 36. Qd7 Kh5 37. f3 Kg6 38. Qh7+ Kh5 39. Qf7# 1-0